Producción de tableros de fibra a partir de raquis de banano
Uloženo v:
| Hlavní autor: | |
|---|---|
| Médium: | Neznámo |
| Vydáno: |
[San José, Costa Rica]
1981
|
| Témata: | |
| Tagy: |
Přidat tag
Žádné tagy, Buďte první, kdo vytvoří štítek k tomuto záznamu!
|
MARC
| LEADER | 00000 a2200000 4500 | ||
|---|---|---|---|
| 003 | 001186 | ||
| 005 | 20221231143741.0 | ||
| 008 | 140114s1981 c m 000 ||s d | ||
| 040 | |c cru CEDI | ||
| 090 | |a TFG 972 | ||
| 100 | |a Ramírez Quirós, Roxana María |9 15948 | ||
| 245 | |a Producción de tableros de fibra a partir de raquis de banano | ||
| 260 | |c 1981 |a [San José, Costa Rica] | ||
| 300 | |a v, 66 hojas : ilustraciones ; 28 cm | ||
| 500 | |a Tesis (licenciatura en ingenieria química)--Universidad de Costa Rica. | ||
| 650 | |x RAQUIS DE BANANO |9 15949 | ||
| 942 | |c TFG | ||
| 999 | |c 11242 |d 11242 | ||
